000 00781nam a22001817a 4500
999 _c62582
_d62582
003 Ge_BSU
005 20241210123220.0
008 241210s2024 ge ||||| |||| 00| 0 geo d
020 _a9789941346149
041 _ageo
080 _a821.353.1-92 ბ-91
100 _aბრეგაძე, კონსტანტინე
_96888
245 _aგოეთეს "ფაუსტი" :
_bსიმბოლიკა და პოეტიკა /
_cკონსტანტინე ბრეგაძე; რედაქტორი მანანა პაიჭაძე.
264 _aთბილისი :
_bმერიდიანი,
_c2024.
500 _aპარალ. სათ. ინგ. ენაზე
773 _tნაჩუქარი
942 _2udc
_cBK